[Event "Montebelluna op-A 5th"]
[Site "Montebelluna"]
[Date "2007.03.11"]
[Round "5"]
[White "Baldelli, Alex"]
[Black "Gagliardi, Christian"]
[Result "1/2-1/2"]
[WhiteElo "2049"]
[BlackElo "2112"]
[PlyCount "55"]
[EventDate "2007.03.09"]
[EventType "swiss"]
[EventRounds "5"]
[EventCountry "ITA"]
[SourceTitle "EXT 2008"]
[Source "ChessBase"]
[SourceDate "2007.11.25"]
[SourceVersion "1"]
[SourceVersionDate "2007.11.25"]
[SourceQuality "1"]

1. d4 g6 2. c4 Bg7 3. Nf3 d6 4. Nc3 Nf6 5. Bg5 0-0 6. Qc2 Nbd7 7. e3 c6 8. Be2 Qc7 9. 0-0 e5 10. Rad1 a6 11. dxe5 dxe5 12. Nd2 a5 13. a3 Nc5 14. b4 axb4 15. axb4 Na6 16. Qb2 Be6 17. Nde4 Nxe4 18. Nxe4 f5 19. b5 fxe4 20. bxa6 bxa6 21. Qa3 c5 22. Rd2 h6 23. Bh4 g5 24. Bg3 a5 25. Rfd1 Rfb8 26. Qc3 Rb6 27. Ra2 a4 28. Qc2 1/2-1/2

[Event "Montebelluna op-A 5th"]
[Site "Montebelluna"]
[Date "2007.03.10"]
[Round "2"]
[White "Baldelli, Alex"]
[Black "Bonafede, Alessandro"]
[Result "1-0"]
[WhiteElo "2049"]
[BlackElo "2230"]
[PlyCount "85"]
[EventDate "2007.03.09"]
[EventType "swiss"]
[EventRounds "5"]
[EventCountry "ITA"]
[SourceTitle "EXT 2008"]
[Source "ChessBase"]
[SourceDate "2007.11.25"]
[SourceVersion "1"]
[SourceVersionDate "2007.11.25"]
[SourceQuality "1"]

1. d4 Nf6 2. c4 g6 3. Nc3 Bg7 4. Nf3 d6 5. Bg5 h6 6. Bh4 g5 7. Bg3 Nh5 8. e3 c5 9. Be2 Nxg3 10. hxg3 Nd7 11. Qc2 e6 12. Rd1 Qe7 13. dxc5 dxc5 14. Ne4 g4 15. Nh4 0-0 16. Bxg4 f5 17. Ng6 Qd8 18. Nxf8 Qxf8 19. Bh3 Ne5 20. Nd6 Qe7 21. e4 Bd7 22. exf5 Nc6 23. f6 Bxf6 24. 0-0 Bg7 25. Nxb7 Nd4 26. Qd3 Rb8 27. Na5 Rxb2 28. Rd2 Rb8 29. Rb1 Rxb1+ 30. Qxb1 Qd6 31. Nb3 Qe5 32. Qd3 Kf7 33. Bg4 Kg8 34. Nxd4 cxd4 35. Re2 Qd6 36. Qe4 Kh8 37. Re1 e5 38. Bxd7 Qxd7 39. f4 d3 40. fxe5 d2 41. Rd1 Qe6 42. Rxd2 Bxe5 43. Rd5 1-0

[Event "Salsomaggiore Terme op"]
[Site "Salsomaggiore Terme"]
[Date "2006.05.13"]
[Round "4"]
[White "Baldelli, Alex"]
[Black "Bonugli, Carlo"]
[Result "1/2-1/2"]
[WhiteElo "2028"]
[BlackElo "2065"]
[PlyCount "36"]
[EventDate "2006.05.12"]
[EventType "swiss"]
[EventRounds "6"]
[EventCountry "ITA"]
[SourceTitle "EXT 2007"]
[Source "ChessBase"]
[SourceDate "2006.11.23"]
[SourceVersion "1"]
[SourceVersionDate "2006.11.23"]
[SourceQuality "1"]

1. d4 Nf6 2. c4 c5 3. d5 e6 4. Nc3 exd5 5. cxd5 d6 6. e4 g6 7. Nf3 Bg7 8. Be2 0-0 9. 0-0 Nbd7 10. Nd2 a6 11. a4 b6 12. Qc2 Rb8 13. Nc4 Qe7 14. f3 Ne5 15. Bf4 Nfd7 16. Rfe1 Nxc4 17. Bxc4 Ne5 18. Qe2 Nxc4 1/2-1/2

[Event "Ravenna op"]
[Site "Ravenna"]
[Date "2005.10.16"]
[Round "5"]
[White "Baldelli, Alex"]
[Black "Vicari, Luigi"]
[Result "0-1"]
[WhiteElo "2048"]
[BlackElo "2062"]
[PlyCount "74"]
[EventDate "2005.10.14"]
[EventType "swiss"]
[EventRounds "5"]
[EventCountry "ITA"]
[SourceTitle "EXT 2007"]
[Source "ChessBase"]
[SourceDate "2006.11.23"]
[SourceVersion "1"]
[SourceVersionDate "2006.11.23"]
[SourceQuality "1"]

1. d4 Nf6 2. c4 g6 3. Nc3 Bg7 4. Nf3 0-0 5. Bg5 d6 6. e3 Nbd7 7. Be2 h6 8. Bh4 c5 9. 0-0 Re8 10. d5 Nf8 11. Qc2 Bd7 12. e4 g5 13. Bg3 Nh5 14. Nd2 Nxg3 15. hxg3 Ng6 16. Bd3 a6 17. a4 Rb8 18. f4 gxf4 19. gxf4 Bd4+ 20. Kh2 e5 21. Nf3 Nxf4 22. Nxd4 Qh4+ 23. Kg1 cxd4 24. Ne2 Nxg2 25. Kxg2 Bh3+ 26. Kf3 Qf6+ 27. Nf4 Qxf4+ 28. Ke2 Qe3+ 29. Kd1 Bxf1 30. Bxf1 Qf3+ 31. Ke1 Kh7 32. Ra3 Qf4 33. c5 dxc5 34. d6 Rbd8 35. Qe2 Rxd6 36. Rf3 Qh4+ 37. Kd1 Rf6 0-1

[Event "Cattolica op"]
[Site "Cattolica"]
[Date "2005.06.18"]
[Round "8"]
[White "Baldelli, Alex"]
[Black "De Zordi, Fabio"]
[Result "1/2-1/2"]
[WhiteElo "1901"]
[BlackElo "1733"]
[PlyCount "127"]
[EventDate "2005.06.11"]
[EventType "swiss"]
[EventRounds "9"]
[EventCountry "ITA"]
[SourceTitle "EXT 2007"]
[Source "ChessBase"]
[SourceDate "2006.11.23"]
[SourceVersion "1"]
[SourceVersionDate "2006.11.23"]
[SourceQuality "1"]

1. d4 Nf6 2. c4 e6 3. Nc3 Bb4 4. Qc2 0-0 5. Bg5 c5 6. Nf3 cxd4 7. Nxd4 Nc6 8. Nb3 d5 9. 0-0-0 Be7 10. a3 d4 11. e3 e5 12. exd4 Nxd4 13. Nxd4 exd4 14. Nb5 a6 15. Nxd4 Qa5 16. Bd2 Qe5 17. Bc3 Qf4+ 18. Kb1 Bd7 19. Nf3 Bc6 20. Rd4 Ne4 21. Bd3 f5 22. Bb4 Bxb4 23. axb4 Rad8 24. Rxd8 Rxd8 25. Rd1 Qc7 26. c5 h6 27. Bc4+ Kh8 28. Rxd8+ Qxd8 29. Qd3 Qe8 30. Qe3 Qd8 31. Kc2 Nf6 32. Ne5 Be4+ 33. Kb3 Qd1+ 34. Ka3 Kh7 35. Qb3 Bc2 36. Qa2 Qd4 37. b3 Qd1 38. Nf3 Be4 39. Qe2 Qa1+ 40. Qa2 Qd1 41. Qe2 Qd8 42. Qd2 Qe8 43. g3 Nd5 44. Nd4 Nc7 45. f3 Bc6 46. Nxf5 Qe5 47. Nd4 Qf6 48. Bd3+ Kh8 49. Nxc6 bxc6 50. Bc4 Nb5+ 51. Bxb5 axb5 52. f4 Qa1+ 53. Qa2 Qe1 54. Qb2 Kg8 55. Qe5 Qxe5 56. fxe5 Kf7 57. Kb2 Ke6 58. Kc3 Kxe5 59. Kd3 Kd5 60. Ke3 Ke5 61. Kf3 Kf5 62. h3 g6 63. Ke3 Ke5 64. h4 1/2-1/2